| 000 | 00541nam a22002057a 4500 | ||
|---|---|---|---|
| 003 | OSt | ||
| 005 | 20140310182937.0 | ||
| 008 | 130201t xxu||||| |||| 00| 0 eng d | ||
| 020 | _a9789715848572 | ||
| 050 |
_aPL6054 _b.At862 2009 |
||
| 082 |
_aFIL 808.0427 _bAt1 2009 |
||
| 245 |
_aPagbasa at Pagsulat : _cAtanacio, Heidi C. _b tungo sa pananaliksik |
||
| 260 |
_aQuezon City _bC & E _cc2009 |
||
| 300 |
_a191 p. _c25 cm. |
||
| 521 | _aCollege | ||
| 526 | _c1210L-1700L | ||
| 541 | _j1 | ||
| 562 | _e1 | ||
| 942 |
_2lcc _cBK _kFIL |
||
| 999 |
_c17641 _d17641 |
||